| 000 | 00609nam a2200217Ia 4500 | ||
|---|---|---|---|
| 008 | 160404s9999 xx 000 0 und d | ||
| 020 | _a978-971-94195-0-1 | ||
| 050 | _aFIL TX 911.3.F75 | ||
| 050 | _b.R65 2008 | ||
| 100 | _aRoldan, Amelia S. | ||
| 245 | _aIntroduction to hotel and front office operations / | ||
| 245 | _cAmelia S. Roldan. | ||
| 260 | _aManila : | ||
| 260 | _bAR Skills development and Management Services, | ||
| 260 | _c2008 | ||
| 300 | _a154 pages : | ||
| 300 | _billustrations ; | ||
| 300 | _c25 cm. | ||
| 650 | _aHotel management. | ||
| 650 | _xHotel front desk personnel. | ||
| 999 |
_c293147 _d293147 |
||